Teilnehmer der Show Last One Laughing - Statistiken

Allgemein
  • Dieses Quiz wurde 23 mal gespielt
  • Das Durchschnittsergebnis liegt bei 19 aus 50
Antwortstatistiken
Antwort % Korrekt
Anke Engelke
86%
Bastian Pastewka
86%
Max Giermann
77%
Torsten Sträter
73%
Barbara Schöneberger
68%
Carolin Kebekus
64%
Michael Bully Herbig
64%
Joko Winterscheidt
59%
Otto Waalkes
59%
Tedros Teclebrhan
59%
Klaas Heufer-Umlauf
55%
Kurt Krömer
55%
Martina Hill
55%
Michelle Hunziker
55%
Elton
50%
Mirco Nontschew
50%
Olaf Schubert
50%
Annette Frier
45%
Hazel Brugger
41%
Michael Kessler
41%
Mirja Boes
41%
Ralf Schmitz
41%
Rick Kavanian
41%
Bill Kaulitz
36%
Tahnee
36%
Tom Kaulitz
36%
Tommi Schmitt
36%
Elyas M’Barek
32%
Lutz van der Horst
32%
Michael Mittermeier
32%
Wigald Boning
32%
Axel Stein
27%
Christoph Maria Herbst
27%
Cordula Stratmann
27%
Ina Müller
23%
Jan van Weyde
23%
Abdelkarim
18%
Florian David Fitz
18%
Horst Schlämmer
18%
Meltem Kaptan
18%
Moritz Bleibtreu
18%
Palina Rojinski
18%
Larissa Rieß
14%
Sasha
14%
Till Reiners
14%
Giovanni Zarrella
9%
Helene Bockhorst
9%
Ariane Alter
5%
Jürgen Vogel
5%
Riccardo Simonetti
5%
Keine übereinstimmenden Quizze gefunden
Verteilung der Resultate
Anzahl Personen mit jedem Resultat
Perzentil nach korrekt beantworteten Fragen
Ihre Resultats-Entwicklung
Sie haben dieses Quiz noch nicht gespielt